El ingenioso hidalgo don quijote de la mancha. tomo ii /
Guardado en:
| Autor Principal: | |
|---|---|
| Formato: | Libro |
| Publicado: |
Buenos Aires :
Kapelusz,
1973
|
| Etiquetas: |
Agregar Etiqueta
Sin Etiquetas, Sea el primero en etiquetar este registro!
|
| LEADER | 01841nam a22003615a 4500 | ||
|---|---|---|---|
| 001 | CEM.cems001576 | ||
| 005 | 20060214000000.0 | ||
| 008 | 130507s1973##################000#0#####d | ||
| 003 | CEMS | ||
| 082 | 0 | 4 | |a 863.3 |
| 100 | 1 | |a Cervantes Saavedra, Miguel de | |
| 245 | 1 | 0 | |a El ingenioso hidalgo don quijote de la mancha. tomo ii / |
| 260 | |a Buenos Aires : |b Kapelusz, |c 1973 | ||
| 300 | |a 556 p.1 | ||
| 859 | |a CEMS |b BIB. CEMS - 11 de abril |h 863.3 |i C337/II |p 11315.82 |t Ej.18 | ||
| 859 | |a CEMS |b BIB. CEMS - 11 de abril |h 863.3 |i C337/II |p 11316.82 |t Ej.19 | ||
| 859 | |a CEMS |b BIB. CEMS - 11 de abril |h 863.3 |i C337/II |p 15305.88 |t Ej.6 | ||
| 859 | |a CEMS |b BIB. CEMS - 11 de abril |h 863.3 |i C337/II |p 7453.80 |t Ej.1 | ||
| 859 | |a CEMS |b BIB. CEMS - 11 de abril |h 863.3 |i C337/II |p 7455.80 |t Ej.2 | ||
| 859 | |a CEMS |b BIB. CEMS - 11 de abril |h 863.3 |i C337/II |p 7457.80 |t Ej.3 | ||
| 859 | |a CEMS |b BIB. CEMS - 11 de abril |h 863.3 |i C337/II |p 7459.80 |t Ej.4 | ||
| 859 | |a CEMS |b BIB. CEMS - 11 de abril |h 863.3 |i C337/II |p 7461.80 |t Ej.5 | ||
| 859 | |a CEMS |b BIB. CEMS - 11 de abril |h 863.3 |i C337/II |p 7465.80 |t Ej.7 | ||
| 859 | |a CEMS |b BIB. CEMS - 11 de abril |h 863.3 |i C337/II |p 8384.80 |t Ej.8 | ||
| 859 | |a CEMS |b BIB. CEMS - 11 de abril |h 863.3 |i C337/II |p 8385.80 |t Ej.9 | ||
| 859 | |a CEMS |b BIB. CEMS - 11 de abril |h 863.3 |i C337/II |p 8386.80 |t Ej.10 | ||
| 859 | |a CEMS |b BIB. CEMS - 11 de abril |h 863.3 |i C337/II |p 8387.80 |t Ej.11 | ||
| 859 | |a CEMS |b BIB. CEMS - 11 de abril |h 863.3 |i C337/II |p 8388.80 |t Ej.12 | ||
| 859 | |a CEMS |b BIB. CEMS - 11 de abril |h 863.3 |i C337/II |p 8389.80 |t Ej.13 | ||
| 859 | |a CEMS |b BIB. CEMS - 11 de abril |h 863.3 |i C337/II |p 8390.80 |t Ej.14 | ||
| 859 | |a CEMS |b BIB. CEMS - 11 de abril |h 863.3 |i C337/II |p 8391.80 |t Ej.15 | ||
| 859 | |a CEMS |b BIB. CEMS - 11 de abril |h 863.3 |i C337/II |p 8392.80 |t Ej.16 | ||
| 859 | |a CEMS |b BIB. CEMS - 11 de abril |h 863.3 |i C337/II |p 8393.80 |t Ej.17 | ||
